000
00357nam a2200157Ia 4500
003
0STCL
008
150530s9999 xx 000 0 und d
040
_a
STCL
_c
STCL
100
_a
Nikos Kazantzakis; Carl Wildman; Tr
245
_a
Zorba the greek
260
_c
1965
546
_a
English
942
_2
ddc
_c
BK
999
_c
61731
_d
61731
005
20220125171156.0